000 00983cam a22002411i 4500
003 SA-RiAUC
005 20250118125439.0
008 250106s1995 su g 00010 ara c
020 _a9960618072
040 _aSA-RiIMS
_bara
_cSA-RiAUC
_erda
082 0 4 _a189.19
090 _a189.19
_b ن ا د
110 2 _aنادي المدينة المنورة الأدبي
_eمؤلف.
245 1 0 _aدراسات في الفكر الإسلامي من محاضرات النادي /
_cنادي المدينة المنورة الأدبي.
264 1 _aالمدينة المنورة :
_bنادي المدينة المنورة الأدبي،
_c1995
300 _aمجلد ؛
_c24 سم
336 _aنص
_btxt
_2rdacontent
_3كتاب
337 _aبدون وسيط
_bn
_2rdamedia
338 _aمجلد
_bnc
_2rdacarrier
650 7 _aالفلسفة الإسلامية
_yقرن 20
_vمقالات ومحاضرات
_2aucsh
942 _2ddc
_cBOOK
_n0
949 _aSA-JeALM
_d250106
_umohamedma123
_n1
999 _c4926
_d4926